Statystyki dla Przyłącz miasto do województwa #2

Kliknij tutaj aby rozwiązać quiz!

Ogólne statystyki

  • Ten quiz został rozwiązany 73 razy
  • Średni wynik to 8 z 15

Statystyki odpowiedzi

MiastoWojewództwo% Poprawnych
Koninwielkopolskie
92%
Bydgoszczkujawsko-pomorskie
91%
Kalisz Pomorskizachodniopomorskie
80%
Pszczynaśląskie
69%
Augustówpodlaskie
66%
Sucha Beskidzkamałopolskie
64%
Dąbrowa Tarnowskamałopolskie
61%
Limanowamałopolskie
52%
Opatówświętokrzyskie
50%
Świeradów-Zdrójdolnośląskie
45%
Łukówlubelskie
42%
Brzezinyłódzkie
36%
Żabnomałopolskie
28%
Radymnopodkarpackie
28%
Dubieckopodkarpackie
27%

Rozkład punktacji

Percentyl według liczby udzielonych odpowiedzi

Procent ludzi z każdym wynikiem

Twoja historia wyników

Nie rozwiązałeś tego quizu